[Event "IGM Carlos Torre Repetto"]
[Site "SchemingMind.com"]
[Date "2013.01.06"]
[Round "-"]
[White "emvarela"]
[Black "white bishop"]
[Result "0-1"]
[WhiteCountry "ARG"]
[BlackCountry "PHI"]
[WhiteElo "1761"]
[WhiteRD "51"]
[BlackElo "2139"]
[BlackRD "107"]
[GameID "324224"]

1. e4 d6 2. d4 Nf6 3. Nc3 g6 4. f4 d5 5. e5 Ne4 6. Nxe4 dxe4 7. Bc4 Nc6 8. c3 Rb8 9. Qe2 Na5 10. b4 Nxc4
11. Qxc4 Be6 12. Qe2 Qd5 13. Be3 a5 14. a4 Qb3 15. Qd2 axb4 16. cxb4 Bc4 17. Ne2 e6 18. O-O Bxb4
0-1

[Event "IGM Carlos Torre Repetto"]
[Site "SchemingMind.com"]
[Date "2013.01.06"]
[Round "-"]
[White "white bishop"]
[Black "emvarela"]
[Result "1-0"]
[WhiteCountry "PHI"]
[BlackCountry "ARG"]
[WhiteElo "2160"]
[WhiteRD "106"]
[BlackElo "1759"]
[BlackRD "49"]
[GameID "324227"]

1. Nf3 d5 2. c4 d4 3. e3 Nc6 4. b4 dxe3 5. fxe3 e6 6. b5 Na5 7. Be2 Nf6 8. O-O Bd6 9. Bb2 Bd7 10. Qc2 c6
11. Nc3 cxb5 12. Nxb5 Bxb5 13. cxb5 Rc8 14. Qd3 O-O 15. Rac1 Nd5 16. Rxc8 Qxc8 17. Ng5 g6 18. Qe4 Be7 19. Qd4 f6 20. Rc1 Qb8
21. Nxe6
1-0

[Event "IGM Carlos Torre Repetto"]
[Site "SchemingMind.com"]
[Date "2013.01.02"]
[Round "-"]
[White "Darnell"]
[Black "kenneth m day"]
[Result "0-1"]
[WhiteCountry "CAN"]
[BlackCountry "USA"]
[WhiteElo "1482"]
[WhiteRD "108"]
[BlackElo "1765"]
[BlackRD "52"]
[GameID "324300"]

1. e4 c5 2. Nf3 Nc6 3. Bc4 e6 4. c3 d5 5. exd5 exd5 6. Bb5 Nf6 7. d4 Be7 8. Bg5 O-O 9. dxc5 Bxc5 10. Bxf6 Qxf6
11. Qxd5 Re8+ 12. Kf1 Bb6 13. Nbd2 Be6 14. Qg5 Qxg5 15. Nxg5 Bd7 16. f3 a6 17. Bc4 Re7 18. Re1 Rae8 19. Nge4 Kf8 20. g4 g6
21. g5 Ne5 22. Nf6 Bh3+
0-1

[Event "IGM Carlos Torre Repetto"]
[Site "SchemingMind.com"]
[Date "2013.01.02"]
[Round "-"]
[White "kenneth m day"]
[Black "Darnell"]
[Result "1-0"]
[WhiteCountry "USA"]
[BlackCountry "CAN"]
[WhiteElo "1765"]
[WhiteRD "52"]
[BlackElo "1482"]
[BlackRD "108"]
[GameID "324303"]

1. e4 d5 2. exd5 Qxd5 3. Nc3 Qa5 4. d4 Nf6 5. Nf3 c6 6. Bc4 Bf5 7. Bd2 Qc7 8. O-O e6 9. h3 Bb4 10. Ne5 Nbd7
11. Re1 Nb6 12. Bb3 Nbd5 13. g4 Bg6 14. g5 Bxc3 15. bxc3 Nd7 16. Qf3 Nxe5 17. Rxe5 O-O 18. c4 Ne7 19. Bf4 Qd7 20. Rd1 Qc8
21. Re2 Rd8 22. c3 c5 23. Red2 Nf5 24. d5 Nd6 25. dxe6 Be4 26. exf7+ Nxf7 27. Rxd8+ Nxd8 28. Qxe4 Qxh3 29. Qe8#
1-0

[Event "IGM Carlos Torre Repetto"]
[Site "SchemingMind.com"]
[Date "2013.01.04"]
[Round "-"]
[White "Phillip Beckett"]
[Black "Ronald R. Nurmi"]
[Result "1/2-1/2"]
[WhiteCountry "ENG"]
[BlackCountry "USA"]
[WhiteElo "1591"]
[WhiteRD "47"]
[BlackElo "1907"]
[BlackRD "83"]
[GameID "324355"]

1. e4 d5 2. exd5 Qxd5 3. Nc3 Qd6 4. Nf3 Nf6 5. Qe2 a6 6. d3 e6 7. Ne4 Nxe4 8. Qxe4 Be7 9. Bf4 Qd8 10. Be2 Bd6
11. Bxd6 Qxd6 12. Qe5 Qxe5 13. Nxe5 Nd7 14. Nxd7 Bxd7 15. O-O-O Bc6 16. Bf3 Bxf3 17. gxf3 O-O-O 18. Rhg1 g6 19. Rg4 f5 20. Rgg1 Kd7
21. Rge1 Ke7 22. Re5 Rd6 23. Rde1 Rhd8 24. Rc5 Kd7 25. Rce5 Ke7 26. Rc5=
1/2-1/2

[Event "IGM Carlos Torre Repetto"]
[Site "SchemingMind.com"]
[Date "2013.01.04"]
[Round "-"]
[White "Ronald R. Nurmi"]
[Black "Phillip Beckett"]
[Result "1-0"]
[WhiteCountry "USA"]
[BlackCountry "ENG"]
[WhiteElo "1907"]
[WhiteRD "83"]
[BlackElo "1591"]
[BlackRD "47"]
[GameID "324360"]

1. d4 d5 2. Bf4 Nf6 3. e3 e6 4. Nd2 c5 5. c3 Nc6 6. Ngf3 Qb6 7. dxc5 Bxc5 8. Nb3 Be7 9. Bd3 O-O 10. O-O Bd7
11. Qc2 Rac8 12. a3 Na5 13. Nxa5 Qxa5 14. Rac1 Ba4 15. b3 Bc6 16. a4 b5 17. Bxb5 Bxb5 18. axb5 Qxb5 19. Nd4 Qd7 20. h3 Ne4
21. c4 Bf6 22. Nf3 Nc3 23. Ne5 Bxe5 24. Bxe5 Ne4 25. f3 Nd6 26. c5 Nf5 27. Qd3 Ne7 28. b4 Nc6 29. Bc3 Qc7 30. Rf2 Rfd8
31. Ra2 e5 32. b5 Nb8 33. Ba5 e4 34. Bxc7 exd3 35. Bxd8 Rxd8 36. c6 Rc8 37. Rxa7
1-0

[Event "IGM Carlos Torre Repetto"]
[Site "SchemingMind.com"]
[Date "2013.01.05"]
[Round "-"]
[White "Olli Ylönen"]
[Black "Buckaroo Bob"]
[Result "0-1"]
[WhiteCountry "FIN"]
[BlackCountry "USA"]
[WhiteElo "1841"]
[WhiteRD "55"]
[BlackElo "2254"]
[BlackRD "69"]
[GameID "324424"]

1. e4 c5 2. Nf3 d6 3. d4 cxd4 4. Nxd4 Nf6 5. Nc3 a6 6. Bc4 e6 7. Bb3 Nbd7 8. Bg5 Nc5 9. f4 Be7 10. Qf3 Qc7
11. f5 Bd7 12. O-O Nxb3 13. cxb3 O-O 14. Kh1 b5 15. Rac1 Qb6 16. Nde2 h6 17. Be3 Qb7 18. Qg3 Kh7 19. fxe6 fxe6 20. Nf4 g5
21. Nh3 b4 22. Nxg5+ hxg5 23. Qxg5 Rf7 24. Ne2 Qxe4 25. Rc4 Qg6 26. Qh4+ Kg8 27. Nf4 Nd5 28. Qe1 Raf8 29. h4 Qh7 30. Qg3+ Rg7
31. Qe1 Bxh4 32. Qe2 Nxe3
0-1

[Event "IGM Carlos Torre Repetto"]
[Site "SchemingMind.com"]
[Date "2013.01.05"]
[Round "-"]
[White "Buckaroo Bob"]
[Black "Olli Ylönen"]
[Result "1-0"]
[WhiteCountry "USA"]
[BlackCountry "FIN"]
[WhiteElo "2254"]
[WhiteRD "69"]
[BlackElo "1841"]
[BlackRD "55"]
[GameID "324429"]

1. Nf3 c5 2. c4 Nf6 3. Nc3 Nc6 4. d4 cxd4 5. Nxd4 e6 6. a3 Be7 7. e4 O-O 8. Nc2 b6 9. f4 Bb7 10. Bd3 Rc8
11. Qe2 Na5 12. e5 Ne8 13. O-O Nb3 14. Rb1 Nxc1 15. Rbxc1 f5 16. Rcd1 Bc6 17. Nd4 Bc5 18. Bc2 g6 19. b4 Bxd4+ 20. Rxd4 Ng7
21. Rfd1 a6 22. Ba4 Bxa4 23. Nxa4 Rf7 24. Rd6 Rb8 25. Qf2 b5 26. Nc5 Ne8 27. Rxd7 Rxd7 28. Rxd7 Qb6 29. Qh4
1-0

[Event "IGM Carlos Torre Repetto"]
[Site "SchemingMind.com"]
[Date "2013.01.05"]
[Round "-"]
[White "Gumptious"]
[Black "John Hamer"]
[Result "1/2-1/2"]
[WhiteCountry "CHI"]
[BlackCountry "ENG"]
[WhiteElo "2199"]
[WhiteRD "300"]
[BlackElo "2022"]
[BlackRD "65"]
[GameID "324473"]

1. d4 d5 2. c4 c6 3. Nf3 Nf6 4. Nc3 g6 5. cxd5 cxd5 6. Bf4 Nc6 7. e3 Bg7 8. h3 O-O 9. Bd3 Qb6 10. a3 Na5
11. b4 Nc4 12. Qb3 Be6 13. O-O a5 14. Na4 Qb5 15. Nc5 a4 16. Qc2 Bf5 17. Bxf5 gxf5 18. Qxf5 b6 19. Nd3 Nxe3 20. Bxe3 e6
21. Qg5 Qxd3 22. Ne5 Qc2 23. Qh4 Qc3 24. Bh6 Bxh6 25. Qxh6 Ne4= 26. Rfd1 Qb2 27. Qf4 f5 28. f3 Nc3= 29. Qg5+ Kh8= 30. Qh6 Nxd1
31. Rxd1 Kg8 32. Qg5+ Kh8 33. Qh6 Kg8 34. Qg5+=
1/2-1/2

[Event "IGM Carlos Torre Repetto"]
[Site "SchemingMind.com"]
[Date "2013.01.05"]
[Round "-"]
[White "John Hamer"]
[Black "Gumptious"]
[Result "0-1"]
[WhiteCountry "ENG"]
[BlackCountry "CHI"]
[WhiteElo "2022"]
[WhiteRD "65"]
[BlackElo "2199"]
[BlackRD "300"]
[GameID "324480"]

1. e4 e6 2. d4 d5 3. Nc3 Bb4 4. Bd2 Ne7 5. e5 b6 6. Nf3 Qd7 7. Ne2 Bxd2+ 8. Qxd2 Ba6 9. O-O-O c5 10. dxc5 bxc5
11. Qa5 Qc6 12. h4 O-O 13. h5 h6 14. g4 d4 15. Rh3 Qe4 16. Qxc5 Rc8 17. Rxd4 Qb7 18. Qa3 Nbc6 19. Rd2 Rab8 20. b3 Nd5
21. g5 Qb6 22. gxh6 Qxf2 23. h7+ Kh8 24. Ng3 Qxf3 25. Bxa6 Rc7 26. h6 g6 27. Be2 Qe3 28. c4 Nf4
0-1

[Event "IGM Carlos Torre Repetto"]
[Site "SchemingMind.com"]
[Date "2013.01.07"]
[Round "-"]
[White "lea_dc"]
[Black "Teagy"]
[Result "1-0"]
[WhiteCountry "ARG"]
[BlackCountry "ENG"]
[WhiteElo "1821"]
[WhiteRD "92"]
[BlackElo "1785"]
[BlackRD "75"]
[GameID "324541"]

1. e4 Nf6 2. e5 Nd5 3. c4 Nb6 4. d4 d6 5. f4 Bf5 6. Nc3 dxe5 7. fxe5 e6 8. Nf3 Bb4 9. Be2 O-O 10. O-O c5
11. a3 Bxc3 12. bxc3 cxd4 13. cxd4 Nc6 14. Be3 Rc8 15. Qd2 Nd7 16. Rad1 Ne7 17. Nh4 Be4 18. Rf4 f5 19. Rff1 b6 20. Nf3 Bxf3
21. Rxf3 Qe8 22. Bd3 Ng6 23. Rdf1 Ndxe5 24. dxe5 Nxe5 25. Rg3 Rd8 26. Bf4 Ng6 27. Qc1 e5 28. Bd2 e4 29. Bb1 Ne5 30. Bc3 g6
31. Ba2 Rf6 32. Qa1 Re6 33. c5 Nd3 34. cxb6 axb6 35. Rxf5
1-0

[Event "IGM Carlos Torre Repetto"]
[Site "SchemingMind.com"]
[Date "2013.01.06"]
[Round "-"]
[White "ampp"]
[Black "Luki212"]
[Result "0-1"]
[WhiteCountry "POR"]
[BlackCountry "SVK"]
[WhiteElo "1250"]
[WhiteRD "65"]
[BlackElo "2069"]
[BlackRD "77"]
[GameID "324542"]

1. d4 Nf6 2. c4 e6 3. Nf3 c5 4. Nc3 cxd4 5. Nxd4 d5 6. cxd5 Nxd5 7. Nxd5 Qxd5 8. e3 Bc5 9. Bb5+ Bd7 10. O-O Bxd4
11. Bxd7+ Qxd7 12. exd4 Nc6 13. Be3 O-O 14. Rc1 Rfd8 15. h3 Nxd4 16. Bxd4 Qxd4 17. Qc2 Qd2 18. Qb3 b6 19. Rfd1 Qe2 20. Rxd8+ Rxd8
21. Qc3 Rd1+ 22. Rxd1 Qxd1+ 23. Kh2 Qd6+ 24. g3 Kf8 25. Kg2 h6 26. b4 e5 27. Qc8+ Ke7 28. Qb7+ Qd7 29. Qe4 Ke6 30. Qh7 Qd5+
31. Kh2 Kf6 32. Qc2 g6 33. a4 Qd6 34. a5 Qxb4 35. Qc6+ Kg7 36. axb6 Qxb6 37. Qe4 Qxf2+
0-1

[Event "IGM Carlos Torre Repetto"]
[Site "SchemingMind.com"]
[Date "2013.01.07"]
[Round "-"]
[White "Teagy"]
[Black "lea_dc"]
[Result "0-1"]
[WhiteCountry "ENG"]
[BlackCountry "ARG"]
[WhiteElo "1785"]
[WhiteRD "75"]
[BlackElo "1821"]
[BlackRD "92"]
[GameID "324547"]

1. e4 e5 2. f4 exf4 3. Nf3 d6 4. Bc4 Be7 5. d3 Nf6 6. Bxf4 O-O 7. O-O Nbd7 8. Nbd2 b6 9. d4 Bb7 10. e5 dxe5
11. dxe5 Nd5 12. Bxd5 Bxd5 13. c4 Bc5+ 14. Kh1 Bb7 15. Qc2 h6 16. Ne4 Qe7 17. Nxc5 Nxc5 18. Qf5 Rad8 19. Qh5 Ne6 20. Nh4 Nxf4
21. Rxf4 Rd2 22. Rg4 Bc8 23. Rg3 Rfd8 24. Nf3 Rxb2
0-1

[Event "IGM Carlos Torre Repetto"]
[Site "SchemingMind.com"]
[Date "2013.01.06"]
[Round "-"]
[White "Luki212"]
[Black "ampp"]
[Result "1-0"]
[WhiteCountry "SVK"]
[BlackCountry "POR"]
[WhiteElo "2080"]
[WhiteRD "76"]
[BlackElo "1256"]
[BlackRD "69"]
[GameID "324548"]

1. e4 e5 2. Nf3 Nc6 3. Bb5 a6 4. Ba4 Nf6 5. O-O d6 6. c3 Be7 7. d4 exd4 8. cxd4 Bd7 9. Nc3 h6 10. e5 dxe5
11. dxe5 Nh5 12. Ne4 O-O 13. Be3 b5 14. Bc2 Bg4 15. h3 Bf5 16. Nfd2 Nb4 17. Bb1 Bxe4 18. Bxe4 Rb8 19. Qxh5 c5 20. Rfd1 c4
21. Bxh6 Rb6 22. Bxg7 Kxg7 23. Qh7#
1-0

[Event "IGM Carlos Torre Repetto"]
[Site "SchemingMind.com"]
[Date "2013.02.19"]
[Round "-"]
[White "Luki212"]
[Black "Buckaroo Bob"]
[Result "1-0"]
[WhiteCountry "SVK"]
[BlackCountry "USA"]
[WhiteElo "2023"]
[WhiteRD "85"]
[BlackElo "2249"]
[BlackRD "73"]
[GameID "327437"]

1. e4 c5 2. Nf3 d6 3. d4 cxd4 4. Qxd4 a6 5. Nc3 Nc6 6. Qd3 Nf6 7. Bg5 Ng4 8. Qd2 h6 9. Bh4 g5 10. Bg3 Bg7
11. h4 gxh4 12. Rxh4 Bf6 13. Rh5 Qb6 14. O-O-O Be6 15. Kb1 Rc8 16. b3 Rg8 17. Na4 Qa7 18. c4 Rd8 19. Qe1 Bg7 20. Rc1 Nf6
21. Rh4 Nd7 22. Bf4 Nc5 23. Nxc5 Qxc5 24. Qd2 a5 25. Be3 Qa3 26. Rh5 a4 27. Rb5
1-0

[Event "IGM Carlos Torre Repetto"]
[Site "SchemingMind.com"]
[Date "2013.02.24"]
[Round "-"]
[White "Buckaroo Bob"]
[Black "Luki212"]
[Result "1-0"]
[WhiteCountry "USA"]
[BlackCountry "SVK"]
[WhiteElo "2249"]
[WhiteRD "73"]
[BlackElo "2023"]
[BlackRD "85"]
[GameID "327441"]

1. d4 Nf6 2. Nf3 g6 3. c4 Bg7 4. g3 c5 5. Bg2 O-O 6. O-O d6 7. dxc5 dxc5 8. Ne5 Nfd7 9. Nd3 Ne5 10. Nxc5 Qc7
11. Nd3 Qxc4 12. Na3 Qe6 13. Nf4 Qf5 14. Nb5 Nbc6 15. Qa4 a6 16. Nc3 Rb8 17. Nfd5 b5 18. Qh4 Re8 19. Rd1 Qg4 20. Qxg4 Bxg4
21. h3 b4 22. hxg4 bxc3 23. bxc3 e6 24. Nc7 Red8 25. Bf4 a5 26. a4 Bf6 27. g5 Be7 28. Rxd8+ Rxd8 29. Rb1 Rc8 30. Rb7 Kf8
31. e3 Bd8 32. Nb5 Be7 33. Na7
1-0

[Event "IGM Carlos Torre Repetto"]
[Site "SchemingMind.com"]
[Date "2013.02.20"]
[Round "-"]
[White "kenneth m day"]
[Black "miriskra"]
[Result "0-1"]
[WhiteCountry "USA"]
[BlackCountry "WLS"]
[WhiteElo "1791"]
[WhiteRD "48"]
[BlackElo "1861"]
[BlackRD "74"]
[GameID "327505"]

1. e4 e6 2. d4 d5 3. Nd2 c5 4. Ngf3 cxd4 5. Nxd4 Nf6 6. e5 Nfd7 7. N2f3 Nc6 8. Nxc6 bxc6 9. Bd3 Nc5 10. Be2 Ne4
11. Be3 Qc7 12. O-O Rb8 13. Rb1 Be7 14. c4 O-O 15. Bd3 Nc5 16. Be2 Nd7 17. Bd4 c5 18. Be3 d4 19. Bf4 Bb7 20. Bd3 Bc6
21. Re1 Qb7 22. b3 Rfe8 23. Rb2 a5 24. Rbe2 Bxf3 25. gxf3 Qxf3 26. Bg3 Qb7 27. Be4 Qa7 28. Rd2 Nb6 29. Rd3 a4 30. Qh5 g6
31. Qh6 Bf8 32. Qg5 Qe7 33. Qg4 Bg7 34. Bh4 Qc7 35. f4 Nd7 36. Bg5 Rb6 37. Qh4 Reb8 38. Rh3 h5 39. Bd3 axb3 40. axb3 Rxb3
41. Be2 Rxh3 42. Qxh3 Nxe5 43. fxe5 Qxe5 44. Bh4 Bh6 45. Bg3 Be3+ 46. Kg2 Qe4+ 47. Bf3 Rb2+
0-1

[Event "IGM Carlos Torre Repetto"]
[Site "SchemingMind.com"]
[Date "2013.02.21"]
[Round "-"]
[White "miriskra"]
[Black "kenneth m day"]
[Result "0-1"]
[WhiteCountry "WLS"]
[BlackCountry "USA"]
[WhiteElo "1857"]
[WhiteRD "61"]
[BlackElo "1770"]
[BlackRD "51"]
[GameID "327508"]

1. d4 Nf6 2. Nf3 e6 3. Bf4 d5 4. e3 c5 5. c3 Nc6 6. Bd3 Qb6 7. b3 cxd4 8. exd4 Nh5 9. Bg3 Nxg3 10. hxg3 Bd6
11. Rxh7 Rxh7 12. Bxh7 Bd7 13. Bd3 O-O-O 14. a4 Rh8 15. Ke2 e5 16. dxe5 Nxe5 17. Nxe5 Bxe5 18. Ra2 Rh2 19. a5 Bg4+
0-1

[Event "IGM Carlos Torre Repetto"]
[Site "SchemingMind.com"]
[Date "2013.05.02"]
[Round "-"]
[White "lea_dc"]
[Black "Ronald R. Nurmi"]
[Result "1-0"]
[WhiteCountry "ARG"]
[BlackCountry "USA"]
[WhiteElo "1877"]
[WhiteRD "92"]
[BlackElo "1871"]
[BlackRD "92"]
[GameID "331243"]

1. e4 d5 2. exd5 Qxd5 3. Nc3 Qd6 4. d4 Nf6 5. Nf3 c6 6. Be2 Bf5 7. O-O Nbd7 8. Be3 e6 9. h3 Qc7 10. Nh4 Bg6
11. Nxg6 hxg6 12. Re1 Bd6 13. Bf3 O-O-O 14. a4 Nd5 15. Nxd5 exd5 16. a5 a6 17. b3 Bb4 18. Bd2 Bxd2 19. Qxd2 Rde8 20. Reb1 Re7
21. c4 Kb8 22. cxd5 cxd5 23. Bxd5 Qd6 24. Bc4 f6 25. b4 Ka8 26. b5 Nb8 27. bxa6
1-0

[Event "IGM Carlos Torre Repetto"]
[Site "SchemingMind.com"]
[Date "2013.05.02"]
[Round "-"]
[White "Ronald R. Nurmi"]
[Black "lea_dc"]
[Result "1-0"]
[WhiteCountry "USA"]
[BlackCountry "ARG"]
[WhiteElo "1958"]
[WhiteRD "94"]
[BlackElo "1831"]
[BlackRD "92"]
[GameID "331247"]

1. d4 d5 2. Bf4 Nf6 3. e3 e6 4. Nd2 Nbd7 5. Ngf3 c5 6. c3 Be7 7. Bd3 O-O 8. Ne5 cxd4 9. exd4 Nxe5 10. dxe5 Nd7
11. Nf3 Nc5 12. Bc2 b6 13. O-O Bb7 14. Nd4 f5 15. b4
1-0

[Event "IGM Carlos Torre Repetto"]
[Site "SchemingMind.com"]
[Date "2013.06.15"]
[Round "-"]
[White "Ronald R. Nurmi"]
[Black "miriskra"]
[Result "0-1"]
[WhiteCountry "USA"]
[BlackCountry "WLS"]
[WhiteElo "1807"]
[WhiteRD "84"]
[BlackElo "1911"]
[BlackRD "71"]
[GameID "333186"]

1. d4 Nf6 2. Bg5 Ne4 3. Bf4 d5 4. e3 Bf5 5. f3 Nd6 6. Nd2 e6 7. c4 Bg6 8. Qb3 dxc4 9. Nxc4 Qc8 10. Be2 Be7
11. Ne5 Nd7 12. Nxg6 hxg6 13. Nh3 O-O 14. O-O Nb6 15. Rac1 Qd7 16. Bd3 Rfc8 17. Nf2 Nd5 18. Bg3 Nxe3 19. Rfe1 Nef5 20. Bxf5 Nxf5
21. Qxb7 Nxg3 22. hxg3 Rab8 23. Qxa7 Ra8 24. Qb7 Rxa2 25. Red1 Raa8 26. Qb3 Rab8 27. Qc2 Qd5 28. Rd3 Rb4 29. Qc3 Bd6 30. g4 Rcb8
31. Rc2 Qa2 32. Rdd2 Rb3 33. Qc4 Qa1+ 34. Rd1 Qa7 35. Ne4 Bf4 36. Kf2 Rxb2 37. Re1 Qa3 38. g3 Rxc2+
0-1

[Event "IGM Carlos Torre Repetto"]
[Site "SchemingMind.com"]
[Date "2013.06.15"]
[Round "-"]
[White "miriskra"]
[Black "Ronald R. Nurmi"]
[Result "1-0"]
[WhiteCountry "WLS"]
[BlackCountry "USA"]
[WhiteElo "1911"]
[WhiteRD "71"]
[BlackElo "1807"]
[BlackRD "84"]
[GameID "333194"]

1. d4 d5 2. Nf3 Nf6 3. c4 c6 4. cxd5 cxd5 5. Nc3 Nc6 6. Bf4 a6 7. e3 Bg4 8. h3 Bxf3 9. Qxf3 Qb6 10. Rb1 e6
11. Be2 Be7 12. O-O O-O 13. g4 g6 14. Bh6 Rfc8 15. Kg2 Qd8 16. h4 Bf8 17. Bg5 Bg7 18. h5 Nb8 19. hxg6 fxg6 20. Rh1 Nbd7
21. e4 dxe4 22. Nxe4 Qf8 23. Nxf6+ Bxf6 24. Qxb7 Rd8 25. Be3 Qd6 26. Bf3 Bxd4 27. Rhd1 e5 28. Bxd4 exd4 29. Qd5+
1-0

[Event "IGM Carlos Torre Repetto"]
[Site "SchemingMind.com"]
[Date "2013.07.15"]
[Round "-"]
[White "Luki212"]
[Black "white bishop"]
[Result "1/2-1/2"]
[WhiteCountry "SVK"]
[BlackCountry "PHI"]
[WhiteElo "1990"]
[WhiteRD "96"]
[BlackElo "2244"]
[BlackRD "85"]
[GameID "334755"]

1. e4 c5 2. Nf3 d6 3. d4 cxd4 4. Nxd4 Nf6 5. Nc3 a6 6. f3 e5 7. Nb3 Be6 8. Be3 h5 9. Qd2 Nbd7 10. O-O-O Be7
11. Kb1 Rc8 12. Nd5 Nxd5 13. exd5 Bf5 14. Bd3 Bxd3 15. Qxd3 Bg5 16. Bf2 O-O 17. h4 Bh6 18. g4 hxg4 19. fxg4 Bf4 20. Qf5 Nf6
21. g5 Nh7 22. Nd4 Qb6 23. Rhf1 Qb4 24. Ne2 g6 25. Qh3 Qc4 26. Qd3 Qxd3 27. Rxd3 b5 28. Be1 Rfe8 29. Nxf4 exf4 30. Bb4 Re3
31. Rd4 Re2 32. c3 f6 33. Rfxf4 Re1+ 34. Kc2 fxg5 35. hxg5 Re2+ 36. Rd2 Rxd2+ 37. Kxd2 Nxg5 38. Kd3 Nf7 39. Rf6 Kg7 40. Re6 Kh7
41. Re7 Kg7 42. Re6 Rd8 43. b3 Rd7 44. c4 Kh6 45. Ke3=
1/2-1/2

[Event "IGM Carlos Torre Repetto"]
[Site "SchemingMind.com"]
[Date "2013.07.18"]
[Round "-"]
[White "white bishop"]
[Black "Luki212"]
[Result "1-0"]
[WhiteCountry "PHI"]
[BlackCountry "SVK"]
[WhiteElo "2251"]
[WhiteRD "87"]
[BlackElo "2054"]
[BlackRD "98"]
[GameID "334758"]

1. Nf3 Nf6 2. c4 e6 3. g3 d5 4. Bg2 dxc4 5. Qa4+ c6 6. Qxc4 b5 7. Qc2 Bb7 8. O-O Nbd7 9. Nc3 Be7 10. d3 O-O
11. e4 Rc8 12. Bf4 Qb6 13. b3 Rfd8 14. a4 a6 15. a5 Qa7 16. Ra2 c5 17. Rc1 h6 18. Qe2 Nf8 19. Ne5 N6d7 20. Nxd7 Rxd7
21. Rd2 Rcd8 22. Be3 Bf6 23. e5 Bxe5 24. Bxb7 Rxb7 25. Ne4 Bd4 26. Nxc5 Rc7 27. Bxd4 Rxd4 28. Rdc2 Rc6 29. Qe3 Rd5 30. Kf1 Qe7
31. b4 Rcd6 32. Kg2 Nd7 33. Nb7 Rxd3 34. Qa7 R6d4 35. Rc8+ Kh7 36. Nc5 Qd6 37. Nxd3 Rxd3 38. Rd8 Qd5+ 39. Kg1 Rd1+ 40. Rxd1 Qxd1+
41. Kg2 Qd5+ 42. f3 Qd2+ 43. Kh3 Qe2 44. Rxd7 Qf1+ 45. Kg4 f5+ 46. Kh4
1-0

[Event "IGM Carlos Torre Repetto"]
[Site "SchemingMind.com"]
[Date "2013.11.09"]
[Round "-"]
[White "white bishop"]
[Black "miriskra"]
[Result "1-0"]
[WhiteCountry "PHI"]
[BlackCountry "WLS"]
[WhiteElo "2265"]
[WhiteRD "79"]
[BlackElo "1896"]
[BlackRD "84"]
[GameID "341347"]

1. e4 e6 2. d4 d5 3. Nc3 Nf6 4. e5 Nfd7 5. f4 c5 6. Nf3 cxd4 7. Nxd4 Nc6 8. Be3 Bb4 9. Qd2 O-O 10. a3 Qa5
11. Rb1 Bxc3 12. bxc3 a6 13. Be2 Nc5 14. Nxc6 bxc6 15. c4 Qxd2+ 16. Bxd2 Ne4 17. Bb4 Re8 18. Ba5 Re7 19. O-O Rb7 20. Rxb7 Bxb7
21. Rb1 Bc8 22. g4 Kf8 23. Kg2 Ke7 24. Rb6 Kd7 25. cxd5 cxd5 26. c4 Ra7 27. cxd5 exd5 28. g5 Ke8 29. g6 hxg6 30. Rb8 Ke7
31. Rxc8 Rb7 32. Bb4+
1-0

[Event "IGM Carlos Torre Repetto"]
[Site "SchemingMind.com"]
[Date "2013.11.09"]
[Round "-"]
[White "miriskra"]
[Black "white bishop"]
[Result "0-1"]
[WhiteCountry "WLS"]
[BlackCountry "PHI"]
[WhiteElo "1930"]
[WhiteRD "84"]
[BlackElo "2256"]
[BlackRD "80"]
[GameID "341353"]

1. d4 Nf6 2. c4 e6 3. Nf3 b6 4. a3 Bb7 5. Nc3 d5 6. Bg5 Be7 7. e3 O-O 8. Rc1 Nbd7 9. cxd5 exd5 10. Bd3 c5
11. dxc5 Nxc5 12. Bb1 Rc8 13. O-O h6 14. Bh4 Nce4 15. Nxe4 dxe4 16. Qxd8 Rfxd8 17. Nd4 g6 18. Ba2 Kg7 19. Rfd1 Bd6 20. Nb5 Be5
21. Nxa7 Rc2 22. Bxf6+ Kxf6 23. Bb3 Rcd2 24. Rxd2 Rxd2 25. g3 h5 26. h4 Rd3 27. Bc4 Bxb2 28. Rb1 Rd2 29. a4 Ke7 30. Bf1 Kd8
31. Kg2 Bd5 32. Bb5 f5 33. Nc6+ Kc7 34. Ne7 Bf7 35. Nc6 Ba2 36. Re1 Be6 37. Rb1 Bd5 38. Ne7 Ba2 39. Re1 Bf7 40. Nc6 Kd6
41. Nd8 Bd5 42. Ba6 Ke7 43. Nb7 f4 44. Kg1 fxe3 45. Rxe3 Rd1+ 46. Kh2 Bd4
0-1